000 00250nam a22000857a 4500
008 160705b xxu||||| |||| 00| 0 eng d
100 _92084
_a Das, I., et al
245 _aThe World of Turtles and Crocodiles
260 _aNew Delhi
_bNational Book Trust
_c1993
999 _c1780
_d1780